[Event "SVK-chT1W 1718"]
[Site "Slovakia"]
[Date "2018.02.18"]
[Round "9.2"]
[White "Havlicek, Libor"]
[Black "Borosova, Zuzana"]
[Result "1/2-1/2"]
[WhiteElo "2298"]
[BlackElo "2320"]
[PlyCount "90"]
[EventDate "2017.10.21"]
[EventType "team-tourn"]
[EventRounds "11"]
[EventCountry "SVK"]
[SourceTitle "EXT 2019"]
[Source "ChessBase"]
[SourceDate "2018.10.10"]
[SourceVersion "1"]
[SourceVersionDate "2018.10.10"]
[SourceQuality "1"]
[WhiteTeam "Bratislava Slovan III"]
[BlackTeam "Komarno KSC"]
[WhiteTeamCountry "SVK"]
[BlackTeamCountry "SVK"]

1. Nf3 d5 2. d4 Nf6 3. c4 c6 4. Nc3 dxc4 5. a4 Bf5 6. e3 e6 7. Bxc4 Bb4 8. 0-0 Nbd7 9. Qb3 a5 10. Ne5 Nxe5 11. dxe5 Nd7 12. e4 Bg6 13. Bf4 Nc5 14. Qc2 Qd4 15. Nb5 cxb5 16. Bxb5+ Ke7 17. Bg5+ Kf8 18. Be3 Bxe4 19. Bxd4 Bxc2 20. Bxc5+ Bxc5 21. Rac1 Ke7 22. Rxc2 b6 23. Rd1 Rad8 24. Rcd2 Rxd2 25. Rxd2 Rd8 26. Rxd8 Kxd8 27. b3 Bd4 28. Kf1 Bxe5 29. h3 Ke7 30. Ke2 Bd4 31. Bd3 h6 32. Bb5 Kd6 33. Be8 f5 34. Bg6 Kc5 35. Bf7 Kd6 36. Bg6 Bf6 37. Kd3 Kc5 38. Bf7 Kd5 39. Bg6 Bh4 40. g3 Be7 41. h4 f4 42. h5 Bc5 43. gxf4 Bxf2 44. f5 e5 45. Bf7+ Kd6 1/2-1/2

[Event "SVK-chT 1617"]
[Site "Slovakia"]
[Date "2017.02.18"]
[Round "7.6"]
[White "Gasa, Patrik"]
[Black "Havlicek, Libor"]
[Result "0-1"]
[WhiteElo "2133"]
[BlackElo "2289"]
[PlyCount "59"]
[EventDate "2016.10.22"]
[EventType "team-tourn"]
[EventRounds "11"]
[EventCountry "SVK"]
[SourceTitle "CBM 177 Extra"]
[Source "ChessBase"]
[SourceDate "2017.04.27"]
[SourceVersion "1"]
[SourceVersionDate "2017.04.27"]
[SourceQuality "1"]
[WhiteTeam "Osuske"]
[BlackTeam "Bratislava Slovan"]
[WhiteTeamCountry "SVK"]
[BlackTeamCountry "SVK"]

1. d4 Nf6 2. c4 e6 3. Nc3 c5 4. d5 exd5 5. cxd5 d6 6. e4 g6 7. Nf3 Bg7 8. Be2 0-0 9. 0-0 Na6 10. Re1 Re8 11. Nd2 Nd7 12. h3 Nc7 13. Bf1 Rb8 14. a4 a6 15. Nc4 Ne5 16. Nb6 Na8 17. Nxa8 Rxa8 18. f4 Nd7 19. a5 Rb8 20. Qf3 b5 21. axb6 Qxb6 22. Kh1 a5 23. Bc4 Ba6 24. Na4 Qa7 25. Bxa6 Qxa6 26. Bd2 Qc4 27. Bxa5 Rb3 28. Nc3 Rxb2 29. Rac1 Rb3 30. Re3 0-1

[Event "SVK-chT1W 1516"]
[Site "Slovakia"]
[Date "2016.02.21"]
[Round "9.1"]
[White "Dobrotka, Martin"]
[Black "Havlicek, Libor"]
[Result "0-1"]
[WhiteElo "2183"]
[BlackElo "2274"]
[PlyCount "106"]
[EventDate "2015.10.24"]
[EventType "team-tourn"]
[EventRounds "11"]
[EventCountry "SVK"]
[SourceTitle "EXT 2017"]
[Source "ChessBase"]
[SourceDate "2016.10.25"]
[SourceVersion "1"]
[SourceVersionDate "2016.10.25"]
[SourceQuality "1"]
[WhiteTeam "Prievidza"]
[BlackTeam "Bratislava Slovan III"]
[WhiteTeamCountry "SVK"]
[BlackTeamCountry "SVK"]

1. d4 Nf6 2. Nf3 e6 3. c4 c5 4. Nc3 cxd4 5. Nxd4 d6 6. e4 Be7 7. Be2 0-0 8. 0-0 a6 9. Be3 Bd7 10. f4 Nc6 11. Bf3 Rc8 12. Rc1 Nxd4 13. Qxd4 b5 14. cxb5 axb5 15. Qd3 b4 16. Nb5 Rxc1 17. Rxc1 Qb8 18. Nd4 Rc8 19. Rxc8+ Qxc8 20. Qb3 e5 21. Ne2 Ng4 22. Bb6 Qb7 23. Qxb4 d5 24. Qa5 dxe4 25. Bxg4 Bxg4 26. Nc3 exf4 27. Nd5 Bd6 28. Bc7 Bf8 29. Nxf4 Qxb2 30. h3 Bd7 31. Be5 Qc1+ 32. Kh2 Qc5 33. Qc3 Qxc3 34. Bxc3 Bd6 35. g3 Bb5 36. h4 Ba3 37. Nh5 f6 38. Bxf6 gxf6 39. Nxf6+ Kg7 40. Nxe4 Bc4 41. g4 Bxa2 42. Kh3 Bd5 43. Ng3 Be6 44. Nh5+ Kf7 45. Ng3 Bc1 46. h5 Bf4 47. Nf5 Kf6 48. Nd4 Bd5 49. Kh4 Be3 50. Nf5 Bf2+ 51. Kh3 Kg5 52. Ng7 Be1 53. Nf5 Bf3 0-1

[Event "SVK-chT1W 1516"]
[Site "Slovakia"]
[Date "2015.10.25"]
[Round "2.1"]
[White "Petenyi, Tamas"]
[Black "Havlicek, Libor"]
[Result "1-0"]
[WhiteElo "2462"]
[BlackElo "2264"]
[PlyCount "77"]
[EventDate "2015.10.24"]
[EventType "team-tourn"]
[EventRounds "11"]
[EventCountry "SVK"]
[SourceTitle "CBM 170 Extra"]
[Source "ChessBase"]
[SourceDate "2016.02.25"]
[SourceVersion "1"]
[SourceVersionDate "2016.02.25"]
[SourceQuality "1"]
[WhiteTeam "Nitra"]
[BlackTeam "Bratislava Slovan III"]
[WhiteTeamCountry "SVK"]
[BlackTeamCountry "SVK"]

1. e4 c5 2. b3 d5 3. exd5 Qxd5 4. Nc3 Qd8 5. Bb2 Nf6 6. Nf3 e6 7. Bb5+ Bd7 8. Qe2 a6 9. Bxd7+ Nbxd7 10. 0-0-0 Be7 11. g4 Qc7 12. g5 Nh5 13. d4 0-0 14. d5 Nf4 15. Qe4 exd5 16. Rxd5 Nb6 17. Re5 Ng6 18. Nd5 Nxd5 19. Rxd5 Rad8 20. Rhd1 Rxd5 21. Rxd5 Rd8 22. Rxd8+ Bxd8 23. Kb1 Qe7 24. Qf5 Qd6 25. a3 Ne7 26. Qe4 Qd5 27. Qe3 Kf8 28. Ne5 Bc7 29. Qxc5 Bd6 30. Qc3 Qd1+ 31. Ka2 Bxe5 32. Qxe5 Qxc2 33. Qxg7+ Ke8 34. h4 Qf5 35. h5 Nd5 36. g6 fxg6 37. Qg8+ Kd7 38. Qxh7+ Ne7 39. h6 1-0

[Event "SVK-chT1W 1415"]
[Site "Slovakia"]
[Date "2015.03.15"]
[Round "11.3"]
[White "Bombek, Peter"]
[Black "Havlicek, Libor"]
[Result "1-0"]
[WhiteElo "2156"]
[BlackElo "2278"]
[PlyCount "61"]
[EventDate "2014.10.18"]
[EventType "team-tourn"]
[EventRounds "11"]
[EventCountry "SVK"]
[SourceTitle "EXT 2016"]
[Source "ChessBase"]
[SourceDate "2015.10.08"]
[SourceVersion "1"]
[SourceVersionDate "2015.10.08"]
[SourceQuality "1"]
[WhiteTeam "Dubnica nad Vahom II"]
[BlackTeam "Bratislava Slovan III"]
[WhiteTeamCountry "SVK"]
[BlackTeamCountry "SVK"]

1. e4 c5 2. c3 d5 3. exd5 Qxd5 4. d4 e6 5. Nf3 Nf6 6. Na3 cxd4 7. Nb5 Qd8 8. Qxd4 Nd5 9. Nxa7 Bd7 10. Ne5 Be7 11. Nb5 0-0 12. Nxd7 Nxd7 13. Be2 Nc5 14. Qd1 Bf6 15. 0-0 Qb6 16. Qc2 Rfc8 17. Bd2 Na4 18. Rab1 Nb4 19. Qb3 Nc5 20. Qxb4 Ra4 21. Be3 Rxb4 22. cxb4 Qa6 23. Nc3 Nd3 24. b5 Qd6 25. Rfd1 Bxc3 26. Rxd3 Qb4 27. Rc1 Qxb2 28. Rcxc3 Rf8 29. Bf1 Qxb5 30. Rc7 Ra8 31. Rd8+ 1-0

[Event "SVK-chT1W 1415"]
[Site "Slovakia"]
[Date "2015.03.14"]
[Round "10.3"]
[White "Kukucka, Matej"]
[Black "Havlicek, Libor"]
[Result "0-1"]
[WhiteElo "2073"]
[BlackElo "2278"]
[PlyCount "78"]
[EventDate "2014.10.18"]
[EventType "team-tourn"]
[EventRounds "11"]
[EventCountry "SVK"]
[SourceTitle "EXT 2016"]
[Source "ChessBase"]
[SourceDate "2015.10.08"]
[SourceVersion "1"]
[SourceVersionDate "2015.10.08"]
[SourceQuality "1"]
[WhiteTeam "Povazska Bystrica SK Sparta"]
[BlackTeam "Bratislava Slovan III"]
[WhiteTeamCountry "SVK"]
[BlackTeamCountry "SVK"]

1. e4 c5 2. Nc3 Nc6 3. f4 e6 4. Nf3 a6 5. d3 d5 6. g3 b5 7. Bg2 Nf6 8. e5 Ng8 9. 0-0 Nge7 10. Qe1 Nf5 11. Ne2 h5 12. c3 Rb8 13. a4 b4 14. h3 Na5 15. Qf2 Nb3 16. Ra2 a5 17. Rd1 Ba6 18. g4 hxg4 19. hxg4 Nxc1 20. Nxc1 Nh4 21. Ne2 Nxf3+ 22. Bxf3 Qh4 23. Qxh4 Rxh4 24. c4 Bb7 25. b3 g5 26. cxd5 Bxd5 27. Bxd5 exd5 28. Kf2 Rxg4 29. Kf3 Rh4 30. fxg5 Bg7 31. Nf4 Bxe5 32. Nxd5 Rd8 33. Nb6 Bc7 34. Re2+ Kf8 35. Nc4 Rh3+ 36. Kf2 Rd5 37. Ne3 Rxg5 38. Ke1 Bf4 39. Kd2 Rxe3 0-1

[Event "SVK-chT1W 1415"]
[Site "Slovakia"]
[Date "2015.01.10"]
[Round "5.4"]
[White "Havlicek, Libor"]
[Black "Kleman, Miroslav"]
[Result "1-0"]
[WhiteElo "2278"]
[BlackElo "2231"]
[PlyCount "147"]
[EventDate "2014.10.18"]
[EventType "team-tourn"]
[EventRounds "11"]
[EventCountry "SVK"]
[SourceTitle "EXT 2016"]
[Source "ChessBase"]
[SourceDate "2015.10.08"]
[SourceVersion "1"]
[SourceVersionDate "2015.10.08"]
[SourceQuality "1"]
[WhiteTeam "Bratislava Slovan III"]
[BlackTeam "Modra"]
[WhiteTeamCountry "SVK"]
[BlackTeamCountry "SVK"]

1. d4 Nf6 2. Nf3 g6 3. g3 Bg7 4. Bg2 0-0 5. 0-0 d6 6. c4 Nbd7 7. Nc3 e5 8. e4 exd4 9. Nxd4 Re8 10. h3 Nc5 11. Re1 Bd7 12. Bf4 h6 13. g4 Ne6 14. Be3 a6 15. Qd2 Kh7 16. Rad1 Rb8 17. Qc2 Qc8 18. b3 Ng5 19. f3 Ne6 20. Nde2 b5 21. Nd5 bxc4 22. Qxc4 Bb5 23. Qc1 Nxd5 24. Rxd5 Bxe2 25. Rxe2 Rb5 26. Rc2 Rxd5 27. exd5 Nd4 28. Rf2 Qd7 29. Qd2 c5 30. dxc6 Nxc6 31. f4 d5 32. Bxd5 Rxe3 33. Bxc6 Qe7 34. Kg2 Rc3 35. Bf3 Qc5 36. Qd5 Qc7 37. Be4 Qe7 38. f5 Rc5 39. Qd3 gxf5 40. Rxf5 Rxf5 41. Bxf5+ Kg8 42. Qxa6 Bd4 43. Qa8+ Kg7 44. Qe4 Qb4 45. Qe2 Qc3 46. Bd3 Qc1 47. Bc4 Qg1+ 48. Kf3 Qh1+ 49. Qg2 Qe1 50. Qf1 Qe3+ 51. Kg2 f6 52. Qe2 Qg1+ 53. Kf3 Qh1+ 54. Kf4 Qc1+ 55. Ke4 Be5 56. Kd5 Qh1+ 57. Qe4 Qxh3 58. Bd3 h5 59. Qh7+ Kf8 60. Qh8+ Ke7 61. Qg7+ Kd8 62. Qf8+ Kc7 63. Qe7+ Kb8 64. Qd8+ Kb7 65. Be4 Qxg4 66. b4 Ka7 67. Qe7+ Kb8 68. Qe8+ Qc8 69. Qxc8+ Kxc8 70. Kc6 Kb8 71. b5 Bc3 72. a4 Ba5 73. b6 Bd2 74. Kb5 1-0

[Event "SVK-chT1W 1415"]
[Site "Slovakia"]
[Date "2014.11.30"]
[Round "4.3"]
[White "Havlicek, Libor"]
[Black "Lakatos, Vladimir"]
[Result "1-0"]
[WhiteElo "2278"]
[BlackElo "2121"]
[PlyCount "71"]
[EventDate "2014.10.18"]
[EventType "team-tourn"]
[EventRounds "11"]
[EventCountry "SVK"]
[SourceTitle "EXT 2016"]
[Source "ChessBase"]
[SourceDate "2015.10.08"]
[SourceVersion "1"]
[SourceVersionDate "2015.10.08"]
[SourceQuality "1"]
[WhiteTeam "Bratislava Slovan III"]
[BlackTeam "Prievidza SK"]
[WhiteTeamCountry "SVK"]
[BlackTeamCountry "SVK"]

1. d4 Nf6 2. Nf3 g6 3. g3 Bg7 4. Bg2 0-0 5. 0-0 d5 6. c4 c6 7. cxd5 Nxd5 8. e4 Nb6 9. h3 N8d7 10. e5 Re8 11. Nc3 Nf8 12. Qe2 Be6 13. Rd1 Qd7 14. Ng5 Rad8 15. f4 h6 16. Nxe6 Qxe6 17. Be3 Nd5 18. Bf2 f5 19. Rac1 Qd7 20. Qc4 e6 21. b4 Rc8 22. Qb3 b6 23. a4 Qe7 24. b5 Nxc3 25. Rxc3 cxb5 26. axb5 Rxc3 27. Qxc3 g5 28. d5 exd5 29. Bxd5+ Kh8 30. Qc2 gxf4 31. gxf4 Qb4 32. Qxf5 Qxb5 33. Qf7 Nh7 34. Bc4 Qa4 35. Rd7 Qa1+ 36. Kg2 1-0

[Event "SVK-chT 1415"]
[Site "Slovakia"]
[Date "2014.11.23"]
[Round "4.5"]
[White "Tropp, Oliver"]
[Black "Havlicek, Libor"]
[Result "1-0"]
[WhiteElo "2003"]
[BlackElo "2278"]
[PlyCount "67"]
[EventDate "2014.10.25"]
[EventType "team-tourn"]
[EventRounds "11"]
[EventCountry "SVK"]
[SourceTitle "CBM 163 Extra"]
[Source "ChessBase"]
[SourceDate "2014.12.23"]
[SourceVersion "1"]
[SourceVersionDate "2014.12.23"]
[SourceQuality "1"]
[WhiteTeam "Liptov Chess School"]
[BlackTeam "Bratislava Slovan"]
[WhiteTeamCountry "SVK"]
[BlackTeamCountry "SVK"]

1. d4 Nf6 2. c4 e6 3. Nf3 c5 4. d5 exd5 5. cxd5 d6 6. Nc3 Be7 7. e4 0-0 8. h3 Na6 9. Bd3 Nc7 10. a4 a6 11. 0-0 Rb8 12. a5 Nd7 13. Bf4 b5 14. axb6 Rxb6 15. Qc2 Nb5 16. Na4 Rb7 17. Rfe1 Nb6 18. Nxb6 Rxb6 19. e5 dxe5 20. Bxh7+ Kh8 21. Bxe5 f5 22. d6 Bxd6 23. Bg6 Nd4 24. Nxd4 Bxe5 25. Rxe5 Qxd4 26. Rxc5 Be6 27. Qe2 Qh4 28. Rxa6 Rxa6 29. Qxa6 Rd8 30. Qe2 Qg5 31. Re5 Qxg6 32. Rxe6 Qf7 33. Re7 Qg6 34. Qe6 1-0

[Event "SVK-chT 1415"]
[Site "Slovakia"]
[Date "2014.11.22"]
[Round "3.6"]
[White "Havlicek, Libor"]
[Black "Jurcik, Martin"]
[Result "0-1"]
[WhiteElo "2278"]
[BlackElo "2369"]
[PlyCount "48"]
[EventDate "2014.10.25"]
[EventType "team-tourn"]
[EventRounds "11"]
[EventCountry "SVK"]
[SourceTitle "CBM 163 Extra"]
[Source "ChessBase"]
[SourceDate "2014.12.23"]
[SourceVersion "1"]
[SourceVersionDate "2014.12.23"]
[SourceQuality "1"]
[WhiteTeam "Bratislava Slovan"]
[BlackTeam "Stara Lubovna"]
[WhiteTeamCountry "SVK"]
[BlackTeamCountry "SVK"]

1. Nf3 Nf6 2. c4 g6 3. b4 Bg7 4. Bb2 0-0 5. e3 d6 6. Be2 a5 7. a3 e5 8. d3 Re8 9. 0-0 c6 10. Nbd2 Nbd7 11. Bc3 d5 12. bxa5 e4 13. dxe4 dxe4 14. Nd4 Nc5 15. a4 Qc7 16. N2b3 Nfd7 17. Qb1 Be5 18. h3 Qd8 19. Rd1 Qg5 20. Kf1 Nxb3 21. Qxb3 Nc5 22. Qb4 Bh2 23. h4 Qxh4 24. Qxc5 Bd6 0-1

[Event "SVK-chT 1314"]
[Site "Slovakia"]
[Date "2014.03.09"]
[Round "8.8"]
[White "Nemergut, Matej"]
[Black "Havlicek, Libor"]
[Result "0-1"]
[WhiteElo "1946"]
[BlackElo "2268"]
[PlyCount "78"]
[EventDate "2013.11.09"]
[EventType "team-tourn"]
[EventRounds "11"]
[EventCountry "SVK"]
[SourceTitle "EXT 2015"]
[Source "ChessBase"]
[SourceDate "2014.11.20"]
[SourceVersion "1"]
[SourceVersionDate "2014.11.20"]
[SourceQuality "1"]
[WhiteTeam "Stara Lubovna"]
[BlackTeam "Bratislava Slovan"]
[WhiteTeamCountry "SVK"]
[BlackTeamCountry "SVK"]

1. d4 Nf6 2. c4 c5 3. d5 b5 4. cxb5 a6 5. b6 d6 6. Nc3 g6 7. g3 Bg7 8. Bg2 0-0 9. e4 Nbd7 10. Nge2 Nxb6 11. 0-0 a5 12. Qc2 Ba6 13. Bg5 Ng4 14. Rad1 Qc7 15. Bc1 a4 16. h3 Ne5 17. f4 Ned7 18. Rf3 Rfb8 19. Kh2 a3 20. bxa3 Nc4 21. a4 Qa5 22. Bf1 Qb4 23. Nb5 Ncb6 24. Nc7 Bxe2 25. Bxe2 Qxa4 26. Rd2 Qxc2 27. Rxc2 Ra4 28. Re3 c4 29. Ra3 Rxa3 30. Bxa3 Rc8 31. Nb5 f5 32. e5 dxe5 33. fxe5 Nxe5 34. Bxe7 Nxd5 35. Bd6 c3 36. Bxe5 Bxe5 37. a3 Ne3 38. Rc1 c2 39. Bd3 Bb2 0-1

[Event "SVK-chT1W 1314"]
[Site "Slovakia"]
[Date "2013.12.14"]
[Round "5.3"]
[White "Danada, Tomas"]
[Black "Havlicek, Libor"]
[Result "0-1"]
[WhiteElo "2099"]
[BlackElo "2268"]
[PlyCount "126"]
[EventDate "2013.10.12"]
[EventType "team-tourn"]
[EventRounds "11"]
[EventCountry "SVK"]
[SourceTitle "EXT 2015"]
[Source "ChessBase"]
[SourceDate "2014.11.20"]
[SourceVersion "1"]
[SourceVersionDate "2014.11.20"]
[SourceQuality "1"]
[WhiteTeam "Bratislava Doprastav II"]
[BlackTeam "Bratislava Slovan III"]
[WhiteTeamCountry "SVK"]
[BlackTeamCountry "SVK"]

1. e4 c5 2. g3 Nc6 3. Bg2 e6 4. d3 Be7 5. Nd2 d5 6. Ngf3 Nf6 7. 0-0 Rb8 8. a4 0-0 9. Re1 a6 10. e5 Nd7 11. Nf1 b5 12. axb5 Rxb5 13. Ne3 Qc7 14. c4 dxc4 15. Nxc4 Nb4 16. Bg5 Nd5 17. Bxe7 Nxe7 18. Qd2 Qb8 19. Ra5 Bb7 20. Qg5 Ng6 21. Ra3 Rd8 22. h4 h6 23. Qe3 Ne7 24. g4 Nd5 25. Qc1 Nb4 26. g5 h5 27. g6 fxg6 28. Qg5 Nc2 29. Qxg6 Nf8 30. Qxh5 Bxf3 31. Bxf3 Nxe1 32. Be4 Rxb2 33. Rxa6 Nxd3 34. Nd6 Rxd6 35. exd6 Nxf2 36. Ra8 Nxe4 37. Rxb8 Rxb8 38. Qe5 Nf6 39. Qxc5 Rd8 40. Kg2 Ne4 41. Qe5 Nxd6 42. Kf3 Nf5 43. h5 Rd3+ 44. Kf4 Rd4+ 45. Kf3 Rh4 46. Qb8 Rxh5 47. Kg4 Rh4+ 48. Kf3 g5 49. Qd8 g4+ 50. Kg2 g3 51. Qf6 Rh2+ 52. Kg1 Rh6 53. Qe5 Rg6 54. Qc3 g2 55. Qd2 Rg3 56. Qd8 Kf7 57. Qc7+ Kg8 58. Qd8 Rg4 59. Qd1 Nh6 60. Qc1 Nf7 61. Qe3 Ng5 62. Qb3 Nd7 63. Qd1 Nh3+ 0-1

[Event "SVK-chT1W 1213"]
[Site "Slovakia"]
[Date "2013.02.03"]
[Round "7.1"]
[White "Havlicek, Libor"]
[Black "Schwarz, Dusan"]
[Result "0-1"]
[WhiteElo "2299"]
[BlackElo "2305"]
[PlyCount "51"]
[EventDate "2012.10.20"]
[EventType "team-tourn"]
[EventRounds "11"]
[EventCountry "SVK"]
[SourceTitle "EXT 2015"]
[Source "ChessBase"]
[SourceDate "2014.11.20"]
[SourceVersion "1"]
[SourceVersionDate "2014.11.20"]
[SourceQuality "1"]
[WhiteTeam "Bratislava Slovan III"]
[BlackTeam "Bratislava Doprastav II"]
[WhiteTeamCountry "SVK"]
[BlackTeamCountry "SVK"]

1. d4 d5 2. Nf3 Nf6 3. g3 c6 4. Bg2 Bf5 5. 0-0 h6 6. c4 e6 7. Nc3 Nbd7 8. Nd2 Be7 9. b3 Qb6 10. c5 Qb4 11. Ndb1 e5 12. e3 Qa5 13. a3 0-0 14. b4 Qc7 15. Nd2 Rfe8 16. e4 dxe4 17. Ndxe4 Rad8 18. dxe5 Nxe4 19. Nxe4 Bxe4 20. Bxe4 Qxe5 21. Qc2 Nf6 22. Bd3 Rxd3 23. Qxd3 Qxa1 24. Bxh6 Qe5 25. Bf4 Qe4 26. Qxe4 0-1

[Event "SVK-chT1W 1213"]
[Site "Slovakia"]
[Date "2012.10.21"]
[Round "2.1"]
[White "Zatko, Gregor"]
[Black "Havlicek, Libor"]
[Result "1/2-1/2"]
[WhiteElo "2148"]
[BlackElo "2299"]
[PlyCount "23"]
[EventDate "2012.10.20"]
[EventType "team-tourn"]
[EventRounds "11"]
[EventCountry "SVK"]
[SourceTitle "EXT 2014"]
[Source "ChessBase"]
[SourceDate "2013.11.20"]
[SourceVersion "1"]
[SourceVersionDate "2013.11.20"]
[SourceQuality "1"]
[WhiteTeam "Levice"]
[BlackTeam "Bratislava Slovan III"]
[WhiteTeamCountry "SVK"]
[BlackTeamCountry "SVK"]

1. d4 Nf6 2. Bf4 e6 3. e3 c5 4. c3 Nc6 5. Nd2 d5 6. Bd3 a6 7. Ngf3 b5 8. dxc5 Bxc5 9. b4 Bd6 10. Bxd6 Qxd6 11. a4 bxa4 12. Rxa4 1/2-1/2

[Event "SVK-chT1W 1213"]
[Site "Slovakia"]
[Date "2012.10.20"]
[Round "1.1"]
[White "Havlicek, Libor"]
[Black "Dobrotka, Martin"]
[Result "1-0"]
[WhiteElo "2299"]
[BlackElo "2235"]
[PlyCount "87"]
[EventDate "2012.10.20"]
[EventType "team-tourn"]
[EventRounds "11"]
[EventCountry "SVK"]
[SourceTitle "EXT 2014"]
[Source "ChessBase"]
[SourceDate "2013.11.20"]
[SourceVersion "1"]
[SourceVersionDate "2013.11.20"]
[SourceQuality "1"]
[WhiteTeam "Bratislava Slovan III"]
[BlackTeam "Prievidza"]
[WhiteTeamCountry "SVK"]
[BlackTeamCountry "SVK"]

1. d4 Nf6 2. Nf3 d6 3. c4 g6 4. Nc3 Bg7 5. g3 c6 6. Bg2 Qa5 7. 0-0 Qh5 8. e4 Bg4 9. Qd3 Na6 10. a3 e5 11. b4 0-0 12. Bb2 Rad8 13. Rfe1 Bxf3 14. Bxf3 Ng4 15. Bxg4 Qxg4 16. d5 Nc7 17. Kg2 f5 18. f3 fxe4 19. Nxe4 Qf5 20. Rf1 b5 21. dxc6 bxc4 22. Qxc4+ d5 23. Qb3 Qe6 24. Ng5 Qxc6 25. Rac1 Qd7 26. f4 Rf5 27. Rxc7 Qxc7 28. Ne6 Qd7 29. Nxd8 exf4 30. Bxg7 Kxg7 31. Qc3+ Rf6 32. Rxf4 Qxd8 33. Qe5 Qd6 34. Qxf6+ Qxf6 35. Rxf6 Kxf6 36. Kf3 Ke5 37. Ke3 g5 38. a4 d4+ 39. Kd3 Kd5 40. g4 Ke5 41. b5 Kd5 42. a5 h6 43. b6 axb6 44. axb6 1-0

[Event "SVK-chT1W 1112"]
[Site "Slovakia"]
[Date "2012.02.04"]
[Round "8.1"]
[White "Petenyi, Tamas"]
[Black "Havlicek, Libor"]
[Result "1/2-1/2"]
[WhiteElo "2347"]
[BlackElo "2304"]
[PlyCount "47"]
[EventDate "2011.10.15"]
[EventType "team-tourn"]
[EventRounds "11"]
[EventCountry "SVK"]
[SourceTitle "EXT 2013"]
[Source "ChessBase"]
[SourceDate "2012.11.22"]
[SourceVersion "1"]
[SourceVersionDate "2012.11.22"]
[SourceQuality "1"]
[WhiteTeam "Nitra"]
[BlackTeam "Bratislava Slovan III"]
[WhiteTeamCountry "SVK"]
[BlackTeamCountry "SVK"]

1. e4 c5 2. Nf3 d6 3. c3 Nf6 4. Bd3 Qc7 5. Bc2 c4 6. d4 cxd3 7. Qxd3 g6 8. Bf4 Bg7 9. Nbd2 0-0 10. 0-0 Nc6 11. h3 b5 12. Rac1 b4 13. Ba4 Nh5 14. Be3 bxc3 15. Rxc3 Nb4 16. Rxc7 Nxd3 17. Bc6 Rb8 18. b3 Ba6 19. Bd5 Nb4 20. Bc4 Bxc4 21. Nxc4 Nxa2 22. Rxa7 Nc3 23. Rxe7 d5 24. exd5 1/2-1/2

[Event "SVK-chT 1112"]
[Site "Slovakia"]
[Date "2011.11.27"]
[Round "4.8"]
[White "Havlicek, Libor"]
[Black "Garban, Mario"]
[Result "1-0"]
[WhiteElo "2304"]
[BlackElo "1994"]
[PlyCount "87"]
[EventDate "2011.10.22"]
[EventType "team-tourn"]
[EventRounds "11"]
[EventCountry "SVK"]
[SourceTitle "EXT 2013"]
[Source "ChessBase"]
[SourceDate "2012.11.22"]
[SourceVersion "1"]
[SourceVersionDate "2012.11.22"]
[SourceQuality "1"]
[WhiteTeam "Bratislava Slovan"]
[BlackTeam "Prievidza"]
[WhiteTeamCountry "SVK"]
[BlackTeamCountry "SVK"]

1. d4 d5 2. c4 c6 3. Nf3 Nf6 4. g3 e6 5. Bg2 Bd6 6. Nc3 Nbd7 7. 0-0 dxc4 8. Nd2 Nb6 9. a4 a5 10. f4 Nfd5 11. Rf3 Bb4 12. Nde4 0-0 13. Bd2 Nf6 14. Nxf6+ Qxf6 15. Be3 Nd5 16. Bf2 Qe7 17. e4 Nc7 18. e5 Nd5 19. Ne4 f5 20. exf6 Nxf6 21. Re3 Rd8 22. Qc2 Rxd4 23. Re2 Rd8 24. Qxc4 b5 25. Qxc6 Bd7 26. Nxf6+ Qxf6 27. Qxa8 Rxa8 28. Bxa8 bxa4 29. Rd1 Qf7 30. Rc2 Qe8 31. Be4 a3 32. bxa3 Ba4 33. axb4 Bxc2 34. Bxc2 axb4 35. Bb3 Kf7 36. f5 Kf6 37. fxe6 Qc8 38. Bd4+ Kf5 39. e7 Qd7 40. Rf1+ Kg4 41. Rf4+ Kg5 42. Re4 Qe8 43. Bxg7 h5 44. Bf7 1-0

[Event "SVK-chT1W 1112"]
[Site "Slovakia"]
[Date "2011.10.16"]
[Round "2.1"]
[White "Havlicek, Libor"]
[Black "Srvatka, Igor"]
[Result "1-0"]
[WhiteElo "2304"]
[BlackElo "2226"]
[PlyCount "135"]
[EventDate "2011.10.15"]
[EventType "team-tourn"]
[EventRounds "11"]
[EventCountry "SVK"]
[SourceTitle "EXT 2013"]
[Source "ChessBase"]
[SourceDate "2012.11.22"]
[SourceVersion "1"]
[SourceVersionDate "2012.11.22"]
[SourceQuality "1"]
[WhiteTeam "Bratislava Slovan III"]
[BlackTeam "Dubnica nad Vahom II"]
[WhiteTeamCountry "SVK"]
[BlackTeamCountry "SVK"]

1. d4 d5 2. Nf3 Nf6 3. g3 c6 4. Bg2 Bf5 5. 0-0 h6 6. c4 e6 7. Nc3 Nbd7 8. b3 Be7 9. Bb2 0-0 10. Nd2 Qc7 11. Rc1 Qa5 12. a3 Qb6 13. b4 a5 14. b5 cxb5 15. Nxb5 a4 16. e4 Nxe4 17. Nxe4 Bxe4 18. Bxe4 dxe4 19. Qe2 Nf6 20. Bc3 Rfd8 21. Rb1 Qc6 22. Rfe1 Rdc8 23. Bb4 Bxb4 24. Rxb4 Ra6 25. Qd1 b6 26. Qd2 Rd8 27. Qf4 Rd7 28. Rc1 Qc8 29. Rbb1 Qd8 30. Rb2 Ra8 31. Rcb1 Qc8 32. Rb4 Qd8 33. Qe5 Qe7 34. Rd1 Qd8 35. Rdb1 Qe7 36. Nc3 Rad8 37. Ne2 Ra7 38. Qb5 Ra5 39. Qxb6 Rh5 40. Qxd8+ Qxd8 41. Rb8 Qxb8 42. Rxb8+ Kh7 43. Nc3 Rf5 44. Nd1 Ra5 45. Rb4 Ra7 46. Nc3 Kg6 47. Rxa4 Rd7 48. Nb5 Rd8 49. Rb4 Kf5 50. c5 Nd5 51. Nd6+ Kg4 52. Nxf7 Ra8 53. Ne5+ Kh3 54. Rb3 Ra4 55. Ng6 Rxd4 56. Nf4+ Kg4 57. Nxd5 exd5 58. Rc3 Rd1+ 59. Kg2 d4 60. Rc4 Rd2 61. c6 e3 62. c7 Rxf2+ 63. Kg1 Rf8 64. Rxd4+ Kg5 65. Re4 Rc8 66. Rc4 e2 67. Kf2 Re8 68. Ke1 1-0

[Event "SVK-chT 1011"]
[Site "Slovakia"]
[Date "2011.05.08"]
[Round "11.7"]
[White "Cech, Dominik"]
[Black "Havlicek, Libor"]
[Result "0-1"]
[WhiteElo "2113"]
[BlackElo "2330"]
[PlyCount "78"]
[EventDate "2010.11.27"]
[EventType "team-tourn"]
[EventRounds "11"]
[EventCountry "SVK"]
[SourceTitle "EXT 2012"]
[Source "ChessBase"]
[SourceDate "2011.11.24"]
[SourceVersion "1"]
[SourceVersionDate "2011.11.24"]
[SourceQuality "1"]
[WhiteTeam "Michalovce Zemplin"]
[BlackTeam "Bratislava Slovan"]
[WhiteTeamCountry "SVK"]
[BlackTeamCountry "SVK"]

1. e4 c5 2. Nf3 d6 3. d4 cxd4 4. Nxd4 Nf6 5. Nc3 a6 6. Be2 e5 7. Nb3 Be7 8. 0-0 0-0 9. Re1 Nbd7 10. Bg5 b6 11. Bf3 Bb7 12. Nd2 Rc8 13. Nf1 Nc5 14. Bxf6 Bxf6 15. Nd5 Bg5 16. Nfe3 Ne6 17. c3 g6 18. Qb3 Nc5 19. Qxb6 Bxe3 20. Rxe3 Bxd5 21. Qxd8 Rfxd8 22. exd5 Na4 23. Rb1 Rc5 24. Rd3 Rb8 25. b3 e4 26. Bxe4 Nxc3 27. Rxc3 Rxc3 28. Rd1 f5 29. Bd3 a5 30. Kf1 Re8 31. Bb5 Re5 32. g3 Kg7 33. Bc4 a4 34. Rd2 a3 35. f4 Re4 36. Kf2 Rc1 37. Be2 h6 38. h4 Kf6 39. Bf1 Rb1 0-1